ՀՀ Գիտությունների ազգային ակադեմիայի հիմնարար գիտական գրադարան  =   Fundamental Scientific Library of NAS RA

Математическая теория оптимальных процессов / (Record no. 37713)

MARC details
000 -LEADER
fixed length control field 01582nam a2200277 a 4500
001 - CONTROL NUMBER
control field 000114859
003 - CONTROL NUMBER IDENTIFIER
control field AM-YEHGA
005 - DATE AND TIME OF LATEST TRANSACTION
control field 20250617122445.0
008 - FIXED-LENGTH DATA ELEMENTS--GENERAL INFORMATION
fixed length control field 980716s1983 ru |||||||||||||||||rus d
040 ## - CATALOGING SOURCE
Original cataloging agency AM-YeHGA
041 0# - LANGUAGE CODE
Language code of text/sound track or separate title rus
090 ## - LOCALLY ASSIGNED LC-TYPE CALL NUMBER (OCLC); LOCAL CALL NUMBER (RLIN)
-- 38282
245 00 - TITLE STATEMENT
Title Математическая теория оптимальных процессов /
Statement of responsibility, etc. Л.С. Понтрягин, В.Г. Болтянский и др.
250 ## - EDITION STATEMENT
Edition statement 4-е изд.
260 ## - PUBLICATION, DISTRIBUTION, ETC.
Place of publication, distribution, etc. Москва :
Name of publisher, distributor, etc. Физматгиз,
Date of publication, distribution, etc. 1983.
300 ## - PHYSICAL DESCRIPTION
Extent 392 с. :
Other physical details черт.
520 3# - SUMMARY, ETC.
Summary, etc. [ В книге изложена теория оптимальных процессов, основным стержнем которой является принцип максимума. Этот принцип позволяет решать ряд задач математического и прикладного характера, которые являются вариационными, но не укладываются в классическую схему вариационного исчисления ].
650 14 - SUBJECT ADDED ENTRY--TOPICAL TERM
Topical term or geographic name entry element Вариационное исчисление
653 1# - INDEX TERM--UNCONTROLLED
Uncontrolled term Оптимальные процессы
653 1# - INDEX TERM--UNCONTROLLED
Uncontrolled term Схема вариационного исчисления
653 1# - INDEX TERM--UNCONTROLLED
Uncontrolled term Математическая монография
700 1# - ADDED ENTRY--PERSONAL NAME
Personal name Болтянский, Владимир Григорьевич
700 1# - ADDED ENTRY--PERSONAL NAME
Personal name Гамкрелидзе, Реваз Валерианович
700 1# - ADDED ENTRY--PERSONAL NAME
Personal name Мищенко, Евгений Фролович
942 ## - ADDED ENTRY ELEMENTS (KOHA)
Source of classification or shelving scheme Universal Decimal Classification
Koha item type Գրքեր / Books
Holdings
Withdrawn status Lost status Source of classification or shelving scheme Damaged status Not for loan Collection Home library Current library Date acquired Total checkouts Full call number Barcode Date last seen Price effective from Koha item type Public note
    Universal Decimal Classification     General Fundamental Scientific Library Fundamental Scientific Library 21/12/2016   PII/504946 FL0225306 21/12/2016 21/12/2016 Գրքեր / Books 30 Days Loan
    Universal Decimal Classification     General Fundamental Scientific Library Fundamental Scientific Library 21/12/2016   PII/505714 FL0225166 21/12/2016 21/12/2016 Գրքեր / Books 30 Days Loan


ՀՀ ԳԱԱ հիմնարար գիտական գրադարան
ՀՀ,Երևան 0019
Մարշալ Բաղրամյան 24/6
հեռախոս:(374-10) 52-47-50
Հետադարձ կապ

All site content, except where otherwise noted, is licensed under a
Creative Commons License